000 00307nam a2200145Ia 4500
100 _aShur Michael
942 _cBK
654 _aPhysics
245 _aPhysics of Semiconductor devices
260 _bP.H.I.
_aNew Delhi
_c1995
082 _a530.41
_bPAN
300 _a646
546 _aENGLISH
999 _c33425
_d33425